লোডিং...

CBSE UGC NET/SET: Electronic Science

গ্রন্থ-পঞ্জীর বিবরন
প্রধান লেখক: Sunil Kushwaha
বিন্যাস: Printed Book
প্রকাশিত: Delhi Danika 2018
LEADER 00368nam a22001097a 4500
082 |a 371.262  |b SUN.C 
100 |a Sunil Kushwaha 
245 |a CBSE UGC NET/SET: Electronic Science 
260 |a Delhi  |b Danika  |c 2018 
942 |c BK 
999 |c 21992  |d 21992 
952 |0 0  |1 0  |4 0  |6 371_262000000000000_SUN_C  |7 0  |9 24623  |a CAMPUS  |b CAMPUS  |d 2018-03-22  |l 0  |o 371.262 SUN.C  |p 25617  |r 2018-03-22  |w 2018-03-22  |y REF